00778nam a2200253 a 4500001001000000003000900010005001700019007000300036008003300039040003000072082003100102100003500133100003100168100003100199245006500230264004800295300002800343336002700371337003300398338002800431650002500459650002700484650001300511000012671DO-SdBPM20250627085808.0ta091116s1977 dr 000 0 spa d aDO-SdBPMbspacBPMSUdrda 4a RD863.44bM671g 1977 2221 aMir, Pedro,d1913-2000eautor z aMir Valentine, Pedro Julioz aValentine, Pedro Julio Mir13aLa gran hazaña de Limber y después otoño /cPedro Mir. aSanto Domingo, :bEdiciones Sargazo,c1977. a151 págians c22 cm.  atextobtxt2rdacontent asin mediaciónbn2rdamedia avolumenbnc2rdacarrier 7aCuentos dominicanos  7a Literatura dominicana 7aLeyendas